Szczegóły MARC21

Metody i techniki zarządzania jakością : kompendium wiedzy /

003 -Nazwa inst., której nr kontr. jest w polu 001 [,]
    • @
    • Nazwa instytucji, której n kontrolny jest w polu 001
    • NUKAT
005 -DATA I CZAS OSTATNIEJ MODYFIKACJI [,]
    • @
    • pole kontrolne
    • 20241231103638.0
020 -Międzynarod. znormalizowany nr książki - ISBN [ , ]
    • a
    • Numer ISBN
    • 9788391116913 Find
040 -Instytucja sporządzająca opis [ , ]
    • a
    • Instytucja, która sporządziła opis (NP)
    • WA 14/DG
    • c
    • Instytucja, która sporządziła rekord (NP)
    • WA 14/DG
    • d
    • Instytucja, która zmodyfikowała rekord (P)
    • KR 93/MKs
942 -Rodzaj dokumentu [ , ]
    • c
    • Rodzaj dokumentu
    • Książka
100 -Hasło główne - nazwa osobowa [1, ]
    • a
    • Nazwa osobowa (NP)
    • Łuczak, Jacek
    • c
    • Dopowiedzenie inne niż daty biograficzne (P)
    • (towaroznawstwo).
    • 9
    • KHW
    • 93054
245 -Strefa tytułu i oznaczenia odpowiedzialności [1,0]
    • a
    • Tytuł
    • Metody i techniki zarządzania jakością : Find
    • b
    • Ciąg dalszy tytułu (NP)
    • kompendium wiedzy / Find
    • c
    • Pozostałe elementy strefy tytułu i oznaczenia odpowiedzialności (NP)
    • Jacek Łuczak, Alina Matuszak-Flejszman.
260 -Strefa adresu wydawniczego [ , ]
    • a
    • Miejsce wydania (P)
    • Poznań :
    • b
    • Nazwa wydawcy (P)
    • Quality Progress®,
    • c
    • Data wydania (P)
    • cop. 2007.
300 -Strefa opisu fizycznego [ , ]
    • a
    • Określenie formy książki i/lub objętość (NP)
    • 423 s. :
    • b
    • Oznaczenie ilustracji (NP)
    • il. ;
    • c
    • Format (NP)
    • 24 cm.
336 -Typ zawartości [ , ]
    • a
    • Termin opisujący typ zawartości
    • Tekst
    • b
    • Kod określający zawartość
    • txt
    • 2
    • Źródło (terminu i kodu)
    • rdacontent
337 -Typ mediów [ , ]
    • a
    • Tryb odtwarzania
    • Bez urządzenia pośredniczącego
    • b
    • Kod typu mediów
    • n
    • 2
    • Źródło (terminu i kodu)
    • rdamedia
338 -Typ/rodzaj nośnika [ , ]
    • a
    • Hasło opisujące typ nośnika
    • Wolumin
    • b
    • Kod typu nośnika
    • nc
    • 2
    • Źródło (terminu i kodu)
    • rdacarrier
504 -Uwaga dot. bibliogr. załącznikowej [ , ]
    • a
    • Uwaga dot. bibliografii załącznikowej
    • Bibliogr. przy rozdz.
080 -Uniwersalna Klasyfikacja Dziesiętna [ , ]
    • 2
    • Identyfikator wydania tablic
    • UDC-PO58
    • a
    • Symbol klasyfikacji
    • 005.6
    • b
    • Dopowiedzenie
    • Zarządzanie jakością. TQM.
650 -Hasło przedmiotowe [ ,7]
    • a
    • Hasło przedmiotowe
    • Zarządzanie jakością.
    • 2
    • Źródło terminu
    • kaba
    • 9
    • KHW
    • 137465
980 -Symbol UKD [ , ]
    • a
    • UKD
    • 005.6
700 -Hasło dodatkowe - nazwa osobowa [1, ]
    • a
    • Nazwa osobowa (NP)
    • Matuszak-Flejszman, Alina Find
    • d
    • Daty biograficzne (NP)
    • (1972- ).
    • 9
    • KHW
    • 16158
920 -ISBN [ , ]
    • a
    • ISBN
    • 978-83-911169-1-3 Find
Data inwentaryzacji Lokalizacja Sygnatura Numer inwentarzowy Status udost.
2007-12-20BE E.71061-2
2008-04-30BE S.93127-2
2016-02-23GW005GW.6422-2
2007-10-11T T.9669-2
2007-10-11TTM.4997TM.4997-2
2008-01-14TTM.5038TM.5038-3